| 000 | 01523cam a22003374a 4500 | ||
|---|---|---|---|
| 001 | 16895526 | ||
| 005 | 20170105102921.0 | ||
| 008 | 110729s2011 vtu b 001 0 eng | ||
| 010 | _a 2011031609 | ||
| 020 | _a9781409430445 (hbk. : alk. paper) | ||
| 020 | _a9781409430452 (ebook) | ||
| 040 |
_aDLC _cDLC |
||
| 042 | _apcc | ||
| 043 | _afs----- | ||
| 050 | 0 | 0 |
_aJZ5584.A3575 _bN37 2011 |
| 082 | 0 | 0 |
_a355/.033068 _223 |
| 100 | 1 | _aNathan, Laurie. | |
| 245 | 1 | 0 |
_aCommunity of insecurity : _bSADC's struggle for peace and security in Southern Africa / _cby Laurie Nathan. |
| 260 |
_aBurlington, VT : _bAshgate, _c2011. |
||
| 300 |
_ax, 186 p. : _bmap ; _c24 cm. |
||
| 490 | 0 | _aThe International political economy of new regionalisms series | |
| 504 | _aIncludes bibliographical references and index. | ||
| 505 | 0 | _aIntroduction: regional organizations as conflict resolution forums -- The formation of SADC and the era of hope -- The struggle to establish the organ -- Failed peacemaking in Southern Africa -- Explaining the failure of the organ -- The fiction of Southern Africa as an emerging security -- Conclusion. | |
| 610 | 2 | 0 | _aSouthern African Development Community. |
| 650 | 0 |
_aSecurity, International _zAfrica, Southern. |
|
| 650 | 0 |
_aConflict management _zAfrica, Southern. |
|
| 650 | 0 |
_aRegionalism _zAfrica, Southern. |
|
| 906 |
_a7 _bcbc _corignew _d1 _eecip _f20 _gy-gencatlg |
||
| 942 |
_2ddc _cBK |
||
| 999 |
_c15601 _d15601 |
||